00365nam a2200133 a 450000500170000000800410001702000150005805000250007310000200009824500380011826000410015630000210019765000130021820140310183348.0070526s19uu xx 00 eng d a0446329169 aPR 6056b.Sh544 1981 aSheldon, Sidney aRage of angels /cSidney Sheldon. aNew York :bWarner Books Inc,c1981. a504 p. :c18 cm. aFiction.